A Russian Diary (Record no. 577645)

MARC details
000 -LEADER
fixed length control field 00846nam a2200169Ia 4500
008 - FIXED-LENGTH DATA ELEMENTS--GENERAL INFORMATION
fixed length control field 250728s9999 xx 000 0 und d
020 ## - INTERNATIONAL STANDARD BOOK NUMBER
ISBN 9780099523451
082 ## - DEWEY DECIMAL CLASSIFICATION NUMBER
Classification number 947.085
Item number POL
100 ## - MAIN ENTRY--AUTHOR NAME
Personal name Politkovskaya, Anna
245 #2 - TITLE STATEMENT
Title A Russian Diary
260 ## - PUBLICATION, DISTRIBUTION, ETC. (IMPRINT)
Name of publisher Random House
Year of publication 2008
300 ## - PHYSICAL DESCRIPTION
Number of Pages 338 pages
500 ## - GENERAL NOTE
General note A Russian Diary is the book that Anna Politkovskaya had recently completed when she was murdered in a contract killing in Moscow. Covering the period from the Russian parliamentary elections of December 2003 to the tragic aftermath of the Beslan school siege in late 2005, A Russian Diary is an unflinching record of the plight of millions of Russians and a pitiless report on the cynicism and corruption of Vladimir Putin's Presidency.
650 ## - SUBJECT ADDED ENTRY--TOPICAL TERM
Topical Term Biography & Autobiography
942 ## - ADDED ENTRY ELEMENTS (KOHA)
Koha item type English Books
Holdings
Withdrawn status Lost status Damaged status Not for loan Home library Current library Shelving location Date acquired Full call number Accession Number Price effective from Koha item type
        Anna Centenary Library Anna Centenary Library 7TH FLOOR, B WING 28.07.2025 947.085 POL 338449 28.07.2025 English Books

Find us on the map